00607nam a2200193Ii 450000100060000000300090000600800410001502000150005604000330007104100080010408200170011210000260012924500740015526400910022930000120032033600260033233700280035833800270038611076CO-ViMGA241108s9999||||xx |||||||||||||| ||und|| a9589172466 aCO-ViMGAbspaerdacCO-ViMGA0 aunk04aCo860.4 J45d1 aBlanca Inés Jimenez10aDe amores y deseos:bAnálisis de siete novelas Medellín 1950-1990 1a[Lugar de publicación no identificado] : Secretaría de Educación y Cultura, 1998 avolumen atextbtxt2rdacontent aunmediatedbn2rdamedia avolumebnc2rdacarrier